Физико-химические исследования новых конструкционных материалов (Запись № 5524015)

Подробности
000 -МАРКЕР
контрольное поле 00960nam0a22002531 4500
001 - ИДЕНТИФИКАТОР ЗАПИСИ
контрольное поле rc\577517
005 - ИДЕНТИФИКАТОР ВЕРСИИ
контрольное поле 20260406193157.0
035 ## - ДРУГИЕ СИСТЕМНЫЕ НОМЕРА
Идентификатор записи (NLR Aleph) 005825433
100 ## - ДАННЫЕ ОБЩЕЙ ОБРАБОТКИ
Данные общей обработки 20031121d1988 |||y0rusy50 ca
101 0# - ЯЗЫК РЕСУРСА
Язык текста, звукозаписи и т.д. русский
102 ## - СТРАНА ПУБЛИКАЦИИ ИЛИ ПРОИЗВОДСТВА
Страна публикации Российская Федерация
105 ## - ПОЛЕ КОДИРОВАННЫХ ДАННЫХ: ТЕКСТОВЫЕ МАТЕРИАЛЫ, МОНОГРАФИЧЕСКИЕ
Кодированные данные о монографическом текстовом документе a |||||||||
200 1# - ЗАГЛАВИЕ И СВЕДЕНИЯ ОБ ОТВЕТСТВЕННОСТИ
Основное заглавие Физико-химические исследования новых конструкционных материалов
Сведения, относящиеся к заглавию [Сб. тр.]
Первые сведения об ответственности АН СССР, Сиб. отд-ние, Том. фил.
Последующие сведения об ответственности [Отв. ред. Л.Б. Зуев]
210 ## - ПУБЛИКАЦИЯ, РАСПРОСТРАНЕНИЕ И ДР.
Место издания, распространения и т.д. Томск
Имя издателя, распространителя и т. д. ТФ СО АН СССР
Дата издания, распространения и т.д. 1988 (1989)
215 ## - ФИЗИЧЕСКАЯ ХАРАКТЕРИСТИКА
Специфическое обозначение материала и объем 104 с.
Другие сведения о физической характеристике ил.
Размеры 20
320 ## - ПРИМЕЧАНИЯ О НАЛИЧИИ В ДОКУМЕНТЕ БИБЛИОГРАФИИ / УКАЗАТЕЛЯ
Текст примечания Библиогр. в конце ст.
702 #1 - ИМЯ ЛИЦА - ВТОРИЧНАЯ ОТВЕТСТВЕННОСТЬ
Начальный элемент ввода Зуев
Часть имени, кроме начального элемента ввода Л.Б.
Расширение инициалов личного имени Лев Борисович
Код отношения Редактор
712 02 - НАИМЕНОВАНИЕ ОРГАНИЗАЦИИ - ВТОРИЧНАЯ ОТВЕТСТВЕННОСТЬ
Начальный элемент ввода АН СССР
Структурное подразделение Томский филиал
Идентификатор авторитетной/нормативной записи RU\NLR\AUTH\889955834
Системный номер авторитетной/нормативной записи 407785
801 #0 - ИСТОЧНИК ЗАПИСИ
Страна Российская Федерация
Организация NLR
Правила каталогизации psbo
801 #1 - ИСТОЧНИК ЗАПИСИ
Страна Российская Федерация
Организация ELAR
Источник данных rusmarc
852 ## - МЕСТОНАХОЖДЕНИЕ И ШИФР ХРАНЕНИЯ
Идентификатор организации NLR
Шифр хранения (Call Number) 89-3/7474
942 ## - ДОПОЛНИТЕЛЬНЫЕ ЭЛЕМЕНТЫ ЗАПИСИ (АБИС)
Тип экземпляра АБИС Книга
980 ## - КОЛЛЕКЦИЯ
Название коллекции Национальная библиография
Экземпляры
Тип экземпляра Дата поступления Библиотека постоянного хранения Библиотека текущего хранения Место хранения Шифр хранения Штрих-код Статус экземпляра
Книга 26.10.2013 РНБ (Московский) РНБ (Московский) Русский книжный фонд: издания с 1957 года 89-3/7474 5825433-10